| 000 | 00743nam a2200229 u 4500 | ||
|---|---|---|---|
| 005 | 20220526063412.0 | ||
| 008 | 080613s2005 es r 000 0 spa d | ||
| 020 | _a8426349226 | ||
| 035 | _aUPN01000156855 | ||
| 049 | _aI | ||
| 050 | 4 |
_aPZ24.9 _bB4.6 |
|
| 100 | 1 | _aBertron, Agnès | |
| 245 | 1 | 3 |
_aLa patulea de la reina / _cAgnès Bertron ; il. Roser Capdevila ; tr. P. Rozarena. |
| 260 |
_aZaragoza, Esp. : _bEdelvives, _c2005. |
||
| 300 |
_a45 p. : _bprincipalmente il. col. |
||
| 440 | 0 |
_aAla delta. _pRoja ; _v35 |
|
| 534 |
_pTítulo original : _tLa marmaille de la reine |
||
| 650 | 0 |
_aCuentos infantiles franceses _98588 |
|
| 650 | 4 |
_aREINAS - _vLITERATURA INFANTIL _911320 |
|
| 700 | 1 |
_aCapdevila, Roser, _eil. |
|
| 905 | _aInfantil | ||
| 999 |
_c128969 _d128969 |
||